Statistics for Ben Franklin Quotes Quiz

Click here to take the quiz!

General Stats

  • This quiz has been taken 305 times
  • The average score is 8 of 10

Answer Stats

QuoteAnswer% Correct
A penny saved is a penny ______.earned
94%
By failing to prepare, you are preparing to ____.fail
92%
In this world nothing is certain but death and _____.taxes
90%
Early to bed and early to rise makes a man healthy, wealthy, and ____.wise
89%
Haste makes _____.waste
88%
___ helps those who help themselves.God
84%
There never was a good war or a bad _____.peace
78%
Remember that time is _____.money
76%
____ and visitors stink in three days.Fish
70%
An investment in knowledge always pays the best ________.interest
39%

Score Distribution

Percentile by Number Answered

Percent of People with Each Score

Your Score History

You have not taken this quiz